Heritage assets (Record no. 109258)

MARC details
000 -LEADER
fixed length control field 00909cam a22002655a 4500
001 - CONTROL NUMBER
control field E146704
008 - FIXED-LENGTH DATA ELEMENTS--GENERAL INFORMATION
fixed length control field 090218s2008 xxk f 000 0 eng d
020 ## - INTERNATIONAL STANDARD BOOK NUMBER
International Standard Book Number 9781847980885
035 ## - SYSTEM CONTROL NUMBER
System control number (Sirsi) u146704
041 0# - LANGUAGE CODE
Language code of text/sound track or separate title eng
110 2# - MAIN ENTRY--CORPORATE NAME
Corporate name or jurisdiction name as entry element Accounting Standards Board
9 (RLIN) 3454
245 00 - TITLE STATEMENT
Title Heritage assets
Remainder of title 42
260 ## - PUBLICATION, DISTRIBUTION, ETC.
Place of publication, distribution, etc. Kingston
Name of publisher, distributor, etc. ASB
Date of publication, distribution, etc. 2008
300 ## - PHYSICAL DESCRIPTION
Extent 46p.
Dimensions 21cm.
350 ## - PRICE (NR) (BK AM CF MU VM SE) [OBSOLETE]
Price 2.50
490 #0 - SERIES STATEMENT
Series statement ASB Financial Reporting Exposure Draft
490 #0 - SERIES STATEMENT
Series statement ASB Financial Reporting Standard
505 2# - FORMATTED CONTENTS NOTE
Formatted contents note Draft financial reporting standard "Heritage Assets" -- Appendices to the FRED
520 ## - SUMMARY, ETC.
Summary, etc. Sets out proposals for a new Financial Reporting Standard on Heritage Assets. Deadline for comments is 10 October 2008.
521 ## - TARGET AUDIENCE NOTE
Target audience note Expert
590 ## - LOCAL NOTE (RLIN)
Local note KA
651 #4 - SUBJECT ADDED ENTRY--GEOGRAPHIC NAME
Geographic name United Kingdom
Chronological subdivision
690 ## - LOCAL SUBJECT ADDED ENTRY--TOPICAL TERM (OCLC, RLIN)
Topical term or geographic name as entry element MANAGEMENT-BUSINESS MANAGEMENT-FINANCIAL MANAGEMENT-ACCOUNTING-FINANCIAL REPORTING
942 ## - ADDED ENTRY ELEMENTS (KOHA)
Suppress in OPAC 0
Holdings
Withdrawn status Lost status Source of classification or shelving scheme Damaged status Not for loan Home library Current library Shelving location Date acquired Total Checkouts Full call number Barcode Date last seen Copy number Price effective from Koha item type
    Dewey Decimal Classification     London London Boxed set 01/07/2009   BOXED SET 30074972 06/08/2019 1 06/08/2019 Reference material